000 00496nab a2200145Ia 4500
003 ES-SlBCS
005 20210601125241.0
008 140529s1979 xxu||||| |||| 00| 0 eng d
041 _aeng
100 1 _aDrummond, John J.
_948712
245 0 0 _aOn Seeing a Material Thing in Space: The Role of Kinaesthesis in Visual Perception
_c John J. Drummond
650 0 4 _aPercepción Visual
_9103650
773 0 _tPhilosophy and Phenomenological Research
_gvol. 40, 1979, págs. 19-32
_wRev1411
942 _cAR
999 _c527236
_d527236